00694 a2200181 4500010001400000020002300014035001300037037001600050082001200066100001700078245010800095250001100203260004600214270018100260300003300441500002100474700001700495 aENG-89579 a8175346789c325.00 aEN-73112 bDBAD / PUB14a342.0681 aKumar, H. L.1 aPractical guide to employess' provident funds:cby H.L. Kumar [and] Gaurav Kumarbact, rules & schemes/ a7th ed aNew DelhibUniversal Law Publishingc2008 aC-FF-1A, Dilkhush Induatrial Estate, Opp. Hans Cinema, G. T. Karnal Raod, AzadpurbDelhie110 033k011- 27438103, 011-27215334, 011-52381334l011-27458529medit@unilawbooks.com axxxix, 422p.;b23 cm ( Pbk.) aIncludes index aGaurav Kumar